Kluby piłkarskie Murcji, Balearów i Kanarów - nagła śmierć - Statystyki

Ogólne statystyki
  • Ten quiz został rozwiązany 6 razy
  • Średni wynik to 2 z 7
Answers on the Grid
Answers color-coded by a green-red scale on the quiz's grid according to % correct below.
UD Ibiza
CD Eldense
Antequera CF
UD Las Palmas
RCD Mallorca
CF Fuenlabrada
Yeclano Deportivo
Marbella FC
FC Cartagena
CD Atlético Baleares
CD Tenerife
Real Murcia
UCAM Murcia CF
UD Almería
 
Statystyki odpowiedzi
Odpowiedź % Poprawnych
UD Las Palmas
100%
CD Tenerife
25%
RCD Mallorca
25%
Real Murcia
25%
UD Ibiza
25%
FC Cartagena
0%
Yeclano Deportivo
0%
Nie znaleziono quizów pasujących do podanych kryteriów
Rozkład punktacji
Procent ludzi z każdym wynikiem
Percentyl według liczby udzielonych odpowiedzi
Twoja historia wyników
Nie rozwiązałeś tego quizu